00546ntm a22001452n 4500003000400000005001700004008004100021040001400062100002700076245013200103260000900235300002800244500009400272504003400366OSt20211120164456.0120808t xxu||||| |||| 00| 0 eng d aMMSUcULS aIgnacio, Dominador D.  aPlacement and training needs of agricultural technician graduates of the Mariano Marcos State UniversitycDominador D. Ignacio  c1979 axx, 165 leaves c28 cm. aThesis (MS Agricultural Education) -- University of the Philippines, Los Baños, Laguna  aBibliography: leaves 106-110